000 01017nam a2200229Ia 4500
999 _c49897
_d49897
001 16833
003 GE_BSU
005 20190716182011.0
008 181216s2015||||ge |||||||||||||| ||geo||
020 _a9789941434846
041 _ageo
080 _a577.2(075.8) ხ-98
100 _aხუხუნაიშვილი, რუსუდან.
_93241
245 _aმოლეკულური ბიოლოგია : სახელმძღვ. /
_cრუსუდან ხუხუნაიშვილი ; რედ : ქ.დოლიძე ; მ. ნაგერვაძე.
264 _aბათუმი :
_bბსუ-ს გამ-ბა,
_c2015.
300 _a486 გვ .:
_bილ ;
_c24 სმ.
653 _aმოლეკულური ბიოლოგია
653 _aბიოლოგია
700 _aდოლიძე, ქ.
_eრედაქტორი
_91130
700 _aნაგერვაძე, მ
_eრედაქტორი
_93242
942 _cBK
_2udc